Southville International School and Colleges
Your cart is empty.
  • Cart
  • Lists
    Public lists Eva Luna New books Lux_list list_1
    Your lists Log in to create your own lists
  • Log in to your account
  • Your cookies
  • Search history
Southville International School and Colleges
  • Advanced search
  • Recent comments
  • Most popular
  • Libraries

Log in to your account

Log in with GOOGLE


If you do not have an external account, but do have a local account, you can still log in:

  1. Home
  2. MARC view: Basic virology /
Normal view MARC view ISBD view

Basic virology / (Record no. 13411)

[ view plain ]
MARC details
000 -LEADER
fixed length control field 01831cam a22004694a 4500
001 - CONTROL NUMBER
control field 14850220
003 - CONTROL NUMBER IDENTIFIER
control field OSt
005 - DATE AND TIME OF LATEST TRANSACTION
control field 20140310182434.0
008 - FIXED-LENGTH DATA ELEMENTS--GENERAL INFORMATION
fixed length control field 070511s2008 maua b 001 0 eng
010 ## - LIBRARY OF CONGRESS CONTROL NUMBER
LC control number 2007019839
015 ## - NATIONAL BIBLIOGRAPHY NUMBER
National bibliography number GBA716629
Source bnb
016 7# - NATIONAL BIBLIOGRAPHIC AGENCY CONTROL NUMBER
Record control number 101306981
Source DNLM
016 7# - NATIONAL BIBLIOGRAPHIC AGENCY CONTROL NUMBER
Record control number 013683788
Source Uk
020 ## - INTERNATIONAL STANDARD BOOK NUMBER
International Standard Book Number 9781405147156 (pbk. : alk. paper)
020 ## - INTERNATIONAL STANDARD BOOK NUMBER
International Standard Book Number 1405147156 (pbk. : alk. paper)
035 ## - SYSTEM CONTROL NUMBER
System control number (OCoLC)ocn129954269
040 ## - CATALOGING SOURCE
Original cataloging agency DNLM/DLC
Transcribing agency DLC
Modifying agency NLM
-- BAKER
-- BTCTA
-- BWKUK
-- YDXCP
-- MUQ
-- VP@
-- UKM
-- NOR
-- DLC
042 ## - AUTHENTICATION CODE
Authentication code pcc
050 00 - LIBRARY OF CONGRESS CALL NUMBER
Classification number QR 360
Item number .W26 2008
100 ## - MAIN ENTRY--PERSONAL NAME
Personal name Wagner, Edward K.
9 (RLIN) 8042
245 00 - TITLE STATEMENT
Title Basic virology /
Statement of responsibility, etc Edward K. Wagner ... [et al.].
250 ## - EDITION STATEMENT
Edition statement 3rd ed.
260 ## - PUBLICATION, DISTRIBUTION, ETC. (IMPRINT)
Place of publication, distribution, etc Malden, MA ;
-- Oxford :
Name of publisher, distributor, etc Blackwell Pub.,
Date of publication, distribution, etc 2008.
300 ## - PHYSICAL DESCRIPTION
Extent xxx, 550 p. :
Other physical details col. ill. ;
Dimensions 28 cm.
650 #0 - SUBJECT ADDED ENTRY--TOPICAL TERM
Topical term or geographic name as entry element Viruses.
9 (RLIN) 8043
650 #0 - SUBJECT ADDED ENTRY--TOPICAL TERM
Topical term or geographic name as entry element Virus diseases.
9 (RLIN) 8044
650 #0 - SUBJECT ADDED ENTRY--TOPICAL TERM
Topical term or geographic name as entry element Virology.
9 (RLIN) 8045
650 #0 - SUBJECT ADDED ENTRY--TOPICAL TERM
Topical term or geographic name as entry element Medical virology.
9 (RLIN) 8046
650 12 - SUBJECT ADDED ENTRY--TOPICAL TERM
Topical term or geographic name as entry element Virus Diseases
General subdivision virology.
9 (RLIN) 8047
650 22 - SUBJECT ADDED ENTRY--TOPICAL TERM
Topical term or geographic name as entry element Genome, Viral.
9 (RLIN) 8048
650 22 - SUBJECT ADDED ENTRY--TOPICAL TERM
Topical term or geographic name as entry element Virus Replication.
9 (RLIN) 8049
650 22 - SUBJECT ADDED ENTRY--TOPICAL TERM
Topical term or geographic name as entry element Viruses
General subdivision pathogenicity.
9 (RLIN) 8050
700 1# - ADDED ENTRY--PERSONAL NAME
Personal name Wagner, Edward K.
9 (RLIN) 8051
700 1# - ADDED ENTRY--PERSONAL NAME
Personal name Wagner, Edward K.
Title of a work Basic virology.
9 (RLIN) 8052
856 41 - ELECTRONIC LOCATION AND ACCESS
Materials specified Table of contents only
Uniform Resource Identifier <a href="http://www.loc.gov/catdir/toc/ecip0717/2007019839.html">http://www.loc.gov/catdir/toc/ecip0717/2007019839.html</a>
856 42 - ELECTRONIC LOCATION AND ACCESS
Materials specified Contributor biographical information
Uniform Resource Identifier <a href="http://www.loc.gov/catdir/enhancements/fy0802/2007019839-b.html">http://www.loc.gov/catdir/enhancements/fy0802/2007019839-b.html</a>
856 42 - ELECTRONIC LOCATION AND ACCESS
Materials specified Publisher description
Uniform Resource Identifier <a href="http://www.loc.gov/catdir/enhancements/fy0802/2007019839-d.html">http://www.loc.gov/catdir/enhancements/fy0802/2007019839-d.html</a>
906 ## - LOCAL DATA ELEMENT F, LDF (RLIN)
a 7
b cbc
c orignew
d 1
e ecip
f 20
g y-gencatlg
942 ## - ADDED ENTRY ELEMENTS (KOHA)
Source of classification or shelving scheme Library of Congress Classification
Koha item type
Holdings
Withdrawn status Lost status Source of classification or shelving scheme Damaged status Home library Current library Shelving location Date acquired Total Checkouts Full call number Barcode Date last seen Date checked out Copy number Price effective from Koha item type
    Library of Congress Classification   South SEED-LPDH College Library South SEED-LPDH College Library South SEED-LPDH College Section 07/19/2012 1 QR 360 .W26 2008 SSLC0232 05/03/2019 04/26/2019 1 11/06/2013 Books

Basic virology /

APA

Wagner E. K., Wagner E. K. & Wagner E. K. (2008). Basic virology. Malden, MA: Blackwell Pub.

Chicago

Wagner Edward K, Wagner Edward K and Wagner Edward K. 2008. Basic virology. Malden, MA: Blackwell Pub.

Harvard

Wagner E. K., Wagner E. K. and Wagner E. K. (2008). Basic virology. Malden, MA: Blackwell Pub.

MLA

Wagner Edward K, Wagner Edward K and Wagner Edward K. Basic virology. Malden, MA: Blackwell Pub. 2008.

  • Place hold
  • Print
  • Cite
  • Add to your cart (remove)
  • Save record
    BIBTEX Dublin Core MARCXML MARC (non-Unicode/MARC-8) MARC (Unicode/UTF-8) MARC (Unicode/UTF-8, Standard) MODS (XML) RIS
  • More searches
    Search for this title in:
    Other Libraries (WorldCat) Other Databases (Google Scholar) Online Stores (Bookfinder.com) Open Library (openlibrary.org)

Exporting to Dublin Core...

SOUTHVILLE LIBRARY

Southville International School and Colleges Library

1281 Tropical Ave. Cor. Luxembourg St., BF Homes International, Las Pinas City

Tel. No. 8256374 / 252358 Loc. 117/146

Powered by Koha